[Event "Guadalajara Peoneros op 5th"]
[Site "Guadalajara"]
[Date "2022.09.10"]
[Round "4"]
[White "Borja Nieto, Alfonso"]
[Black "Castro Villasenor, Hector Christopher"]
[Result "0-1"]
[WhiteElo "1800"]
[BlackElo "1720"]
[PlyCount "96"]
[EventDate "2022.08.20"]
[EventType "swiss"]
[EventRounds "5"]
[EventCountry "MEX"]
[SourceTitle "EXT 2023"]
[Source "ChessBase"]
[SourceDate "2022.10.05"]
[SourceVersion "1"]
[SourceVersionDate "2022.10.05"]
[SourceQuality "1"]

1. a3 d5 2. d4 Nf6 3. Nf3 Bf5 4. e3 e6 5. c4 c6 6. Nc3 Nbd7 7. Bd3 Bg6 8. b3 Bd6 9. Qe2 e5 10. dxe5 Nxe5 11. Nxe5 Bxe5 12. Bb2 dxc4 13. Bxg6 hxg6 14. Rd1 Qc7 15. f4 Bxc3+ 16. Bxc3 cxb3 17. 0-0 0-0 18. Bxf6 gxf6 19. Qb2 Qb6 20. Rd3 Kg7 21. Rxb3 Qc5 22. Rc1 Qe7 23. Kf2 Rfe8 24. Rcc3 Rab8 25. Rd3 b6 26. Qd2 Rbd8 27. h3 c5 28. Rxd8 Rxd8 29. Rd3 Rxd3 30. Qxd3 c4 31. Qc3 Qe4 32. g4 Qd3 33. Qxd3 cxd3 34. Ke1 g5 35. Kd2 Kf8 36. Kxd3 Ke7 37. Kc4 Kd6 38. Kd4 b5 39. fxg5 fxg5 40. Ke4 a5 41. Kd4 f6 42. e4 b4 43. axb4 axb4 44. Kc4 Ke5 45. Kxb4 Kxe4 46. Kc5 Kf4 47. Kd5 Kg3 48. Ke6 Kxh3 0-1

[Event "Guadalajara Peoneros op 1st"]
[Site "Guadalajara"]
[Date "2020.01.25"]
[Round "3"]
[White "Borja Nieto, Alfonso"]
[Black "Patino Gonzalez, Elvis"]
[Result "1-0"]
[WhiteElo "1818"]
[BlackElo "1782"]
[PlyCount "79"]
[EventDate "2020.01.11"]
[EventType "swiss"]
[EventRounds "5"]
[EventCountry "MEX"]
[SourceTitle "CBM 195 Extra"]
[Source "ChessBase"]
[SourceDate "2020.05.31"]
[SourceVersion "1"]
[SourceVersionDate "2020.05.31"]
[SourceQuality "1"]

1. d4 d5 2. Nd2 Nf6 3. e3 Bf5 4. c4 c6 5. Ngf3 Nbd7 6. Qb3 Qb6 7. c5 Qxb3 8. axb3 e5 9. b4 h6 10. Nxe5 Nxe5 11. dxe5 Nd7 12. f4 b6 13. b5 cxb5 14. cxb6 Nxb6 15. Bxb5+ Bd7 16. Bxd7+ Kxd7 17. Nb3 Bb4+ 18. Ke2 Rhc8 19. Nd4 Nc4 20. Rd1 Nb6 21. Bd2 Bf8 22. Ra2 Rc7 23. Rda1 Rb7 24. Bc3 Nc4 25. Kd3 Bc5 26. b3 Bxd4 27. bxc4 Bxc3 28. Kxc3 Rc7 29. Ra4 Ke6 30. Kd4 dxc4 31. Rxc4 Rd7+ 32. Ke4 Rd2 33. Rc7 f5+ 34. exf6 Kd6 35. Rxg7 a5 36. f7 Ke7 37. Rg8 Rdd8 38. Rxd8 Rxd8 39. Rxa5 Kxf7 40. g4 1-0